Fr. Conceicao Rodrigues College of Engineering

Advanced Engg. Mathematics (Record no. 30475)

MARC details
000 -LEADER
fixed length control field 00281nam a2200133Ia 4500
100 ## - MAIN ENTRY--PERSONAL NAME
Personal name Kreyszig/E
245 ## - TITLE STATEMENT
Title Advanced Engg. Mathematics
260 ## - PUBLICATION, DISTRIBUTION, ETC.
Name of publisher, distributor, etc. John wiley
Place of publication, distribution, etc. New York
Date of publication, distribution, etc. 1972
300 ## - PHYSICAL DESCRIPTION
Extent 866
546 ## - LANGUAGE NOTE
Language note ENGLISH
654 ## - SUBJECT ADDED ENTRY--FACETED TOPICAL TERMS
Focus term Advanced Engg.
942 ## - ADDED ENTRY ELEMENTS (KOHA)
Koha item type BOOK
Holdings
Withdrawn status Lost status Damaged status Not for loan Collection Home library Current library Shelving location Date acquired Total Checkouts Full call number Barcode Date last seen Price effective from Koha item type
        AFT Fr. Agnel's C.Rodrigues College of Engineering Fr. Agnel's C.Rodrigues College of Engineering   17/03/2023   AFT6582 17/03/2023 17/03/2023 BOOK